00686nam a2200241 a 4500001001300000003000900013005001700022008004100039020001000080082001800090100001800108245002300126260004500149300000900194500003500203505001000238650003400248700001800282902000800300942000700308952011400315999001500429nice12345678IN_TiNIC20260116011850.0050524s1977 newa grp 000 0 eng  ac9.500a320.0954bNAY aNayar, Kuldip aInjdia After Nehru aNew DelhibVikas Publication Housec1977 a290p aincludes index and biblioraphy2 aIndex aIndia-Politics and Government1 aNayar, Kuldip bSRS cBK 001040708StackRoom-aHMIbHMId2007-04-05g9.50l0o320.0954 NAYp09226r2007-04-05v9.50w2005-05-24yBK c4557d4557